History - European | 4 | 4 | 0 | 0 | 100 | 24 | 65.88 | 0 | 1 |
History - World | 3 | 3 | 0 | 0 | 75 | 24 | 75.33 | 0 | 0 |
History - Cross, Historiography, and Miscellaneous | 0 | 6 | 0 | 0 | 60 | 68 | 102.17 | 0 | 1 |
RMP - World Mythology | 0 | 4 | 0 | 0 | 40 | 80 | 92.50 | 0 | 0 |
History - American | 1 | 2 | 0 | 0 | 35 | 11 | 65.67 | 1 | 1 |
RMP - Greco-Roman Mythology | 2 | 0 | 0 | 0 | 30 | 60 | 61.00 | 1 | 1 |
RMP - Philosophy | 0 | 3 | 0 | 0 | 30 | 89 | 91.00 | 0 | 0 |
Current Events - World | 1 | 1 | 0 | 0 | 25 | 36 | 56.50 | 0 | 1 |
Current Events - U.S. | 0 | 2 | 0 | 0 | 20 | 105 | 111.50 | 0 | 0 |
Other - Other Academic and General Knowledge | 0 | 2 | 0 | 0 | 20 | 91 | 93.00 | 0 | 0 |
RMP - Christian Practice | 0 | 2 | 0 | 0 | 20 | 87 | 94.50 | 0 | 0 |
Fine Arts - Painting | 1 | 0 | 0 | 0 | 15 | 25 | 25.00 | 0 | 1 |
Social Science - Economics | 1 | 0 | 0 | 0 | 15 | 68 | 68.00 | 0 | 0 |
Geography - United States | 1 | 0 | 0 | 0 | 15 | 51 | 51.00 | 0 | 0 |
Science - Astronomy | 0 | 1 | 0 | 0 | 10 | 82 | 82.00 | 0 | 0 |
Fine Arts - Architecture | 0 | 1 | 0 | 0 | 10 | 83 | 83.00 | 0 | 0 |
Geography - World | 0 | 1 | 0 | 0 | 10 | 95 | 95.00 | 0 | 0 |
Geography - Europe | 0 | 1 | 0 | 0 | 10 | 71 | 71.00 | 0 | 0 |